|
|
|
|
| LEADER |
00829nam a22002177i 4500 |
| 001 |
10079407 |
| 003 |
GR-PaULI |
| 005 |
20210128085539.0 |
| 008 |
090918s1972 gr f p gre d |
| 040 |
|
|
|a GR-PaULI
|c GR-PaULI
|b gre
|e AACR2
|
| 041 |
0 |
|
|a gre
|
| 082 |
0 |
4 |
|a 889.134
|2 23
|
| 100 |
1 |
|
|a Κοντός, Γιάννης,
|d 1943-2015
|e συγγραφέας
|9 87988
|
| 245 |
1 |
3 |
|a Το χρονόμετρο /
|c Γιάννης Κοντός.
|
| 260 |
|
|
|a Αθήνα :
|b Δωδώνη,
|c 1972.
|
| 300 |
|
|
|a 60 σ. ;
|c 24 εκ.
|
| 760 |
1 |
|
|a Λογοτεχνία
|g 11
|
| 942 |
|
|
|2 ddc
|c BK15
|
| 952 |
|
|
|0 0
|1 0
|2 ddc
|4 0
|6 889_134000000000000_ΚΟΝ
|7 0
|9 208574
|a LISP
|b LISP
|c DON
|d 2017-01-10
|e ΒΑΛ
|i 128482
|l 0
|o 889.134 ΚΟΝ
|p 025000246302
|r 2017-01-10 00:00:00
|t 1
|v 2017.00
|w 2017-01-10
|y BK15
|
| 998 |
|
|
|c ΣΑΤΛΑΝΗΣ
|d 2017-01
|
| 999 |
|
|
|c 126851
|d 126851
|